| 000 | 00382 a2200121 4500 | ||
|---|---|---|---|
| 001 | ART_44826 | ||
| 005 | 20260410161850.0 | ||
| 008 | 260409a | ||
| 245 | 1 | 0 | _aLong-run effects of commodity prices on the real exchange rate |
| 100 | 1 | _aAhumada, Hildegart | |
| 700 | 1 | _aCornejo, Magdalena | |
| 773 | 0 |
_tEconómica _g- Año LXI, Nº 1/2 (ene./dic. 2015) _wREV7541 |
|
| 999 |
_c24892 _d24892 |
||